[Event "ACCENTUS Biel GMT 2018"]
[Site "Biel"]
[Date "2018.07.29"]
[Round "7"]
[White "Mamedyarov, Shakhriyar"]
[Black "Navara, David"]
[Result "1-0"]
[WhiteElo "2801"]
[BlackElo "2741"]
[Annotator "TA"]
[PlyCount "135"]
[EventDate "2018.07.22"]
[EventCountry "SUI"]
[SourceTitle "playchess.com"]
[Source "ChessBase"]
[SourceQuality "1"]

{[%evp 18,135,22,13,46,54,53,52,71,37,33,33,47,47,50,41,39,37,47,39,38,29,48,50,42,42,34,40,48,64,73,73,73,70,79,78,70,74,131,129,156,164,159,147,169,169,169,169,169,168,167,167,160,159,159,159,12829,12831,12835,12836,12836,12837,12837,12837,12838,12837,12838,12838,12838,12839,12839,12839,12842,12842,12849,12849,12850,12847,12850,12847,12847,12843,12843,12843,12845,12844,12845,12845,12846,12843,12844,12844,12845,12843,12844,12844,12845,12845,12845,12845,12847,12847,12848,12847,12849,12847,12850,12850,12851,29962,29963,29965,29965,29966,29965,29966,29967,29964,29960,12851]} 1. d4 Nf6 2. c4 e6 3. Nf3 d5 4. e3 c5 5. Nc3 a6 6. cxd5 exd5 7. Be2 Nc6 8. O-O cxd4 9. Nxd4 Bd6 {D32: Tarrasch Defence: Sidelines and lines without g3} 10. b3 {LiveBook: 20 Games} (10. Nf3 O-O 11. b3 Be6 12. Bb2 Qe7 13. Qd3 Rfd8 14. Rac1 Ne5 15. Qd4 Nfg4 16. g3 Nc6 17. Qd1 Nf6 18. Re1 Rac8 19. Qd3 {0-1 (41) Grigoriants,S (2563)-Matlakov,M (2694) Tallinn 2016}) 10... Be5 11. Nxc6 $146 ({Predecessor:} 11. Ba3 Nxd4 12. exd4 Bd6 13. Bxd6 Qxd6 14. Bf3 O-O 15. Re1 Be6 16. Na4 Nd7 {1-0 (70) Biljanic,L (2322)-Todorovic,N (2100) Nis 2013}) 11... bxc6 {White is slightly better.} 12. Bb2 h5 {White should prevent ...Bxh2+!} 13. f4 Bb8 14. Na4 Ba7 15. Bd4 Bg4 16. Bxg4 hxg4 17. Rc1 Qd6 18. Qc2 Bxd4 19. exd4 O-O $1 20. Qxc6 Qa3 21. Qc2 Rac8 22. Qb2 $36 {[%mdl 2048] White has some pressure.} Qxb2 23. Nxb2 Rxc1 24. Rxc1 $14 {[%mdl 4096] Endgame KRN-KRN} Re8 25. Kf1 Re4 26. g3 Rxd4 {next ...Rd2 is good for Black.} 27. Ke2 g5 (27... Kh7 $142) 28. fxg5 $16 Ne4 {Strongly threatening ...Rd2+.} 29. Nd3 Nxg5 30. Nf2 $1 Rb4 31. Rc5 Ne4 32. Ra5 Nxf2 33. Kxf2 $18 {KR-KR} Rb6 34. Rxd5 Rh6 35. Ke3 Rxh2 36. Ra5 f5 $2 (36... Rh6 $16 37. Kf4 Rd6 38. Kxg4 Kg7) 37. Rxa6 Rg2 38. Kf4 Rf2+ 39. Kg5 Rf3 40. Kh4 Kf7 41. b4 {[%cal Bb3b4,Bb4b5,Bb5b6][%mdl 32]} Ke7 42. b5 Kd7 43. Ra7+ Kd6 44. Rf7 ({Not} 44. b6 Kc6 $11) 44... Rf2 45. b6 Rxa2 46. Rxf5 Rb2 47. Rh5 Rb4 48. Rh8 Ke5 49. Rb8 Kf6 50. Kh5 $1 Kg7 51. Kg5 Kf7 52. Rb7+ $1 Ke8 53. Kh4 Kf8 54. Kh5 Ke8 55. Rb8+ Kf7 {[#]} 56. Kg5 $1 {[%cal Rg5h6]} Kg7 {[#]} 57. Rb7+ $1 Kf8 58. Kf6 {[%cal Rb7b8]} Ke8 59. Rb8+ Kd7 60. Kg5 Kc6 61. Kh5 Re4 62. Rg8 Kxb6 63. Rxg4 Re3 {White mates.} 64. Rg7 Kc6 65. g4 {[%cal Bg3g4,Bg4g5][%mdl 32]} Kd6 66. g5 Ke6 67. Kg6 Rg3 68. Ra7 {Precision: White = 86%, Black = 54%.} 1-0

[Event "ACCENTUS Biel GMT 2018"]
[Site "Biel"]
[Date "2018.07.29"]
[Round "7"]
[White "Georgiadis, Nico"]
[Black "Svidler, Peter"]
[Result "0-1"]
[WhiteElo "2526"]
[BlackElo "2753"]
[Annotator "TA"]
[PlyCount "56"]
[EventDate "2018.07.22"]
[EventCountry "SUI"]
[SourceTitle "playchess.com"]
[Source "ChessBase"]
[SourceQuality "1"]

{[%evp 16,56,29,29,48,58,76,14,6,6,14,20,18,0,0,-97,-97,-103,-104,-107,-102,-112,-112,-133,-93,-89,-79,-129,-97,-106,-97,-286,-281,-687,-672,-746,-749,-848,-813,-844,-810,-875,-875]} 1. e4 c5 2. Nf3 d6 3. d4 cxd4 4. Nxd4 Nf6 5. Nc3 a6 6. Be3 e6 {[%cal Be7e6,Be6e5][%mdl 32]} 7. g4 h6 8. h4 e5 {B81: Sicilian Scheveningen: Keres Attack} 9. Nf5 {LiveBook: 4 Games} g6 (9... Nc6 10. Bc4 Be6 11. Bb3 h5 12. gxh5 Bxf5 13. exf5 Qd7 14. h6 Qxf5 15. hxg7 Bxg7 16. Qe2 {½-½ (25) Kobalia,M (2677)-Inarkiev,E (2707) Konya 2012}) 10. Nxh6 $1 Bxh6 {[#]White is slightly better.} 11. Bxh6 (11. g5 $1 $16) 11... Bxg4 $11 12. f3 Bxf3 $1 13. Qxf3 Rxh6 14. O-O-O Nc6 $36 {[%mdl 2048] Black has the initiative.} 15. Bxa6 $146 (15. Qf2 $11 {keeps the balance.}) ({Predecessor:} 15. Qf2 Nd4 16. Bh3 {½-½ (26) Boemelburg,H-Kosmol,H Germany 1996}) 15... Rxa6 $17 ({Much weaker is} 15... bxa6 $6 16. Rdf1 $11) 16. Rhf1 Nd4 17. Rxd4 exd4 18. Nd5 Rxa2 {...Ra1+ is the strong threat.} 19. Nxf6+ Kf8 {Threatens to win with ...Ra1+.} 20. Kb1 Ra5 21. Qf4 Kg7 22. b4 Rb5 23. Nd5 $2 (23. Kc1 $17) 23... f5 $1 $19 ({Avoid the trap} 23... Rxh4 $2 24. Qxf7+ Kh6 25. Rg1 $18) 24. exf5 $2 (24. Qg3 Rxd5 25. exd5) 24... Rxd5 {Black is clearly winning.} 25. f6+ Kh7 26. Qe4 {[#]} Rhh5 $1 27. Qe6 Qf8 28. Qd7+ Kh6 0-1

[Event "ACCENTUS Biel GMT 2018"]
[Site "Biel"]
[Date "2018.07.30"]
[Round "8"]
[White "Vachier-Lagrave, Maxime"]
[Black "Mamedyarov, Shakhriyar"]
[Result "1/2-1/2"]
[WhiteElo "2779"]
[BlackElo "2801"]
[Annotator "TA"]
[PlyCount "84"]
[EventDate "2018.07.22"]
[EventCountry "SUI"]
[SourceTitle "playchess.com"]
[Source "ChessBase"]
[SourceQuality "1"]

{[%evp 23,84,0,0,0,0,0,0,0,0,-35,-9,-79,0,0,0,0,7,0,12,2,23,0,0,0,0,0,0,0,0,0,0,-10,-12,-8,-33,-33,-13,-39,-40,-52,0,0,0,0,0,-19,-19,-19,-19,-20,-21,-19,-19,-19,-20,-20,-17,-20,0,0,0,0,0]} 1. e4 e5 2. Nf3 Nc6 3. Bb5 a6 4. Ba4 Nf6 5. O-O Nxe4 6. d4 b5 7. Bb3 d5 8. dxe5 Be6 9. c3 Bc5 10. Nbd2 O-O 11. Bc2 Nxf2 12. Rxf2 f6 {LiveBook: 149 Games} 13. Nf1 {C82: Open Ruy Lopez: 9 c3 without 9...Be7} (13. exf6 Bxf2+ 14. Kxf2 Qxf6 15. Kg1 Rae8 16. h3 Bxh3 17. Nf1 Ne5 18. N1h2 Qb6+ 19. Nd4 Bg4 20. Nxg4 Nxg4 21. Bg5 h5 22. Qd3 Re4 23. b4 Qd6 24. Qh3 Qe5 25. Bxe4 Qxg5 26. Bh7+ Kh8 27. Ne6 Qf6 28. Bf5 Qxf5 29. Nxf8 {1-0 (29) Amonatov,F (2610)-Hansen,S (2595) Baku 2016}) 13... Bxf2+ 14. Kxf2 fxe5 {Threatens to win with ...e4.} 15. Kg1 Qd6 16. Ng3 $146 ({Predecessor:} 16. a4 b4 17. Be3 bxc3 18. bxc3 Ne7 19. Ng3 Bg4 20. Bg5 Rae8 {0-1 (29) Zamora,S (1840)-Pecotic,K (1894) IECG email 2004}) 16... h6 17. Qe1 {[#]} (17. Be3 $11) 17... Bg4 (17... e4 $1 $17 {[%cal Re4f3]} 18. Nd4 Nxd4 19. cxd4 c5) 18. Nh4 $11 e4 19. h3 $1 {[%cal Rh3g4]} Bd7 $132 {[%mdl 2048] ...Rf7 is the strong threat. Black has counterplay} 20. Be3 Qf6 ({Much weaker is} 20... g5 $6 {[#]} 21. Nxe4 $1 {[%mdl 512]} dxe4 22. Rd1 $16) 21. Nh5 Qe5 22. Nf4 Rxf4 23. Ng6 {[#]} Rf1+ $1 {[%mdl 512]} 24. Kxf1 (24. Qxf1 Qg3) 24... Qf5+ 25. Nf4 {And now Kg1 would win.} g5 26. Qg3 {Black must now prevent Kg1.} Kh7 {Hoping for ...Rf8.} 27. Ke2 gxf4 28. Qxf4 Qxf4 29. Bxf4 Rg8 30. Kf2 Rf8 31. Ke3 Ne7 (31... Na5 $15 32. b3 c5) 32. Bxc7 {The position is equal.} Nf5+ 33. Ke2 $1 b4 34. Bf4 bxc3 35. bxc3 Nh4 36. g3 Ng2 37. c4 Nxf4+ 38. gxf4 Rc8 39. Rd1 {Strongly threatening Bxe4+!} Rxc4 40. Bb3 Ba4 41. Rxd5 Bxb3 42. axb3 Rc3 {Precision: White = 54%, Black = 85%.} 1/2-1/2

[Event "ACCENTUS Biel GMT 2018"]
[Site "Biel"]
[Date "2018.07.30"]
[Round "8"]
[White "Svidler, Peter"]
[Black "Carlsen, Magnus"]
[Result "1/2-1/2"]
[WhiteElo "2753"]
[BlackElo "2842"]
[Annotator "TA"]
[PlyCount "72"]
[EventDate "2018.07.22"]
[EventCountry "SUI"]
[SourceTitle "playchess.com"]
[Source "ChessBase"]
[SourceQuality "1"]

{[%evp 16,72,3,0,10,-10,0,-18,-10,-18,-11,-20,-18,-27,-27,-23,-16,-25,-14,-23,-3,-23,0,-16,-31,-16,-29,-25,0,-21,-35,-29,-25,-45,-54,-35,-31,-41,-33,-36,-12,-14,-9,-12,-10,-21,-7,-7,-7,-7,-7,-7,-7,-11,0,-7,0,-14,0]} 1. e4 e5 2. Nf3 Nc6 3. Bb5 Nf6 4. d3 Bc5 5. Bxc6 dxc6 6. Nbd2 {C65: Spanische Partie (Berliner-Verteidigung)} Be6 7. Qe2 Nd7 8. Nb3 Bb6 9. Ng5 {LiveBook: 7 Partien} Nf8 10. Be3 $146 (10. Qh5 {is more complex.} Qd6 11. Nxe6 Nxe6 12. O-O g6 13. Qd1) ({Vorgänger:} 10. O-O Bxb3 11. axb3 f6 12. Nf3 Ne6 13. Kh1 Qd7 {0-1 (45) Caruana,F (2802)-Nakamura,H (2786) chess.com INT 2017}) 10... Qe7 11. g3 Bxb3 12. axb3 f6 13. Nf3 Ne6 14. Bxb6 cxb6 15. O-O a6 16. c3 O-O-O 17. Rad1 Kb8 18. Qe3 Ka7 19. d4 exd4 20. Nxd4 Nxd4 21. Rxd4 h5 22. Rfd1 Rxd4 23. cxd4 $11 {[%mdl 4096] Endspiel KDT-KDT} h4 24. d5 hxg3 25. hxg3 Qe5 {[#] ( -> ...Dh5)} 26. Qf3 cxd5 27. exd5 Qxb2 28. d6 {Die Stellung ist ausgeglichen.} Rd8 29. d7 Qc2 30. Rd6 Qc5 31. Qd1 Qf5 32. Rd5 Qe4 33. Rd4 Qc6 34. Rd6 Qe4 35. Rd4 Qc6 36. Rd6 Qe4 {Precision: Weiß = 55%, Schwarz = 50%.} 1/2-1/2

[Event "ACCENTUS Biel GMT 2018"]
[Site "Biel"]
[Date "2018.07.30"]
[Round "8"]
[White "Navara, David"]
[Black "Georgiadis, Nico"]
[Result "1/2-1/2"]
[WhiteElo "2741"]
[BlackElo "2526"]
[Annotator "TA"]
[PlyCount "104"]
[EventDate "2018.07.22"]
[EventCountry "SUI"]
[SourceTitle "playchess.com"]
[Source "ChessBase"]
[SourceQuality "1"]

{[%evp 22,104,36,28,35,16,15,8,27,0,90,0,38,44,97,0,0,0,0,0,0,0,0,-12,0,-39,-32,-41,-33,-70,-65,-150,-54,-52,-53,-93,-102,-96,-96,-389,-381,-367,-372,-342,-14,-9,-11,-286,-288,-286,-88,-164,0,0,0,0,0,0,0,0,0,0,0,0,0,0,0,0,0,0,0,0,0,0,0,0,0,0,0,0,0,0,0,0,0]} 1. d4 d5 2. c4 e6 3. Nc3 Bb4 4. e3 Nf6 5. Nf3 O-O 6. Bd3 b6 7. O-O Bb7 8. cxd5 exd5 9. Ne5 Nbd7 10. f4 c5 11. Ne2 {E52: Nimzo-Indian: Rubinstein: 4...0-0 5 Nf3 d5 6 Bd3 b6} cxd4 (11... c4 12. Bf5 g6 13. Qa4 gxf5 14. Qxb4 Ne4 15. a4 f6 16. Nf3 Nb8 17. Qe1 Nc6 18. Bd2 Kh8 {1-0 (64) Caruana,F (2787)-Adams,M (2744) Wijk aan Zee 2016 CBM 171 [Krasenkow,M]}) 12. exd4 {LiveBook: 6 Games} Bd6 13. Ng3 {White is slightly better.} Ne4 14. Nf5 {Black must now prevent Nxd7.} Ndf6 {[#]} 15. Qf3 $146 ({Predecessor:} 15. g4 Bc8 16. Ne3 Bxe5 17. fxe5 Ne8 18. Qf3 Bb7 19. b3 Ng5 20. Qg2 f6 21. Nf5 Qd7 22. Bxg5 fxg5 23. e6 Qc7 24. Rac1 {1-0 (24) Vaisser,A (2540)-Hohler,P (2218) Kamena Vourla 2012}) 15... Bc7 (15... Bc8 $11 {keeps the balance.} 16. Ne3 Bb7) 16. Be3 (16. Bxe4 $16 dxe4 17. Qg3) 16... Nd6 17. Rac1 Nfe4 (17... Nxf5 $14 18. Bxf5 Bd6) 18. Nxd6 (18. Nxg7 $1 $16 {Hoping for f5.} Kxg7 19. f5) 18... Bxd6 $11 19. f5 Rc8 20. Rce1 f6 {[#]} 21. Ng6 $1 {[%mdl 512]} Re8 (21... hxg6 22. fxg6) 22. Nf4 Bxf4 23. Bxf4 Qd7 24. Qd1 Qxf5 25. Bb8 Qe6 $36 {[%mdl 2048] Black is pushing.} 26. Bxa7 (26. Qb3 $15) 26... Ra8 (26... Qd6 $1 $17 27. Qb3 Nd2 28. Qxb6 Qxb6 29. Bxb6 Nxf1 30. Kxf1 Rxe1+ 31. Kxe1 Ra8) 27. Qb3 $1 $15 Qf7 ({But not} 27... Rxa7 $2 28. Rxe4 $1 {[%mdl 512]} dxe4 29. Bc4 $18) 28. Qxb6 Re6 29. Qa5 Bc6 30. Rxe4 $4 {[%mdl 8192]} (30. Bxe4 $17 dxe4 31. d5) 30... dxe4 $19 31. Bc4 Rxa7 32. Qc5 Rc7 $2 ({Black should play} 32... Rd7 $19 33. Re1 Bb7) 33. Rc1 $11 e3 {[%cal Be4e3,Be3e2][%mdl 32] And now ...e2 would win.} 34. b4 $2 {[%mdl 8192]} ({Don't play} 34. Bxe6 Qxe6 35. d5 Qe4 $17) (34. d5 $11 {and White has nothing to worry.} Bxd5 35. Qxd5) 34... e2 $19 35. Re1 Kh8 $2 (35... Rc8 $1 $19 {and Black stays clearly on top. Threatens to win with ...Bd7.} 36. Rxe2 Bd7 37. Rxe6 Rxc5 38. Re8+ Bxe8 39. Bxf7+ Kxf7 40. dxc5 Ke6) 36. b5 {[#]} (36. Rxe2 $17 Be8 37. Bxe6 Rxc5 38. Bxf7 Rc1+ 39. Kf2 Bxf7 40. a4) 36... Qe7 $2 (36... Bxb5 $1 $19 37. Qxb5 (37. Bxb5 Rxc5) 37... Qe8) 37. Bxe6 $11 {The position is equal.} Qxc5 38. dxc5 Bxb5 {[%mdl 4096] Endgame KRB-KRB} 39. Bg4 Rxc5 40. Bxe2 Ba4 41. Rb1 {White threatens Rb8+ and mate.} g6 42. Rb4 Rc2 43. Bd1 Rc1 44. Rxa4 {Rd4 is the strong threat.} Rxd1+ {KR-KR} 45. Kf2 Rd2+ 46. Kf3 Kg7 47. Ra7+ Kh6 48. a4 Ra2 49. a5 Kg5 50. a6 {Black should prevent Ra8.} h5 51. Ra8 Kf5 52. h4 Ke5 {Precision: White = 51%, Black = 73%.} 1/2-1/2

[Event "ACCENTUS Biel GMT 2018"]
[Site "Biel"]
[Date "2018.07.31"]
[Round "9"]
[White "Mamedyarov, Shakhriyar"]
[Black "Carlsen, Magnus"]
[Result "1-0"]
[WhiteElo "2801"]
[BlackElo "2842"]
[Annotator "TA"]
[PlyCount "114"]
[EventDate "2018.07.22"]
[EventCountry "SUI"]
[SourceTitle "playchess.com"]
[Source "ChessBase"]
[SourceQuality "1"]

{[%evp 14,114,19,-7,30,15,15,15,15,6,12,12,10,4,32,18,56,0,0,0,0,-2,-3,0,0,-19,13,16,7,12,24,16,16,23,3,4,0,0,0,0,74,75,79,88,97,70,80,78,108,107,94,106,129,113,151,74,87,76,162,95,99,91,93,84,84,82,84,84,94,94,94,94,94,94,94,94,94,94,94,74,73,40,40,58,74,79,86,0,16,0,90,91,95,101,193,82,79,59,71,69,612,0,472]} 1. d4 Nf6 2. c4 g6 3. g3 Bg7 4. Bg2 O-O 5. Nc3 d6 6. Nf3 c5 7. O-O Nc6 8. e3 {LiveBook: 52 Games} d5 {E65: King's Indian: Fianchetto: 6...c5 7 0-0 without d5 by White} (8... Bd7 9. b3 cxd4 10. exd4 a6 11. a4 Rc8 12. Re1 d5 13. c5 Bg4 14. h3 Bxf3 15. Bxf3 e6 16. Rb1 Nxd4 17. Qxd4 {1-0 (48) Nepomniachtchi,I (2721)-Wang,H (2735) Beijing 2013}) 9. cxd5 Nxd5 10. Nxd5 Qxd5 11. Ne5 Qd6 12. Nc4 $146 ({Predecessor:} 12. Nxc6 bxc6 13. dxc5 Qxc5 14. Qf3 Ba6 15. Rd1 Rfd8 16. e4 {0-1 (39) Mader,L (1880)-Caliebe,N (1427) Erfurt 2017}) 12... Qc7 {[%cal Rc5d4]} 13. d5 Rd8 14. Bd2 Nb4 15. Bxb4 (15. e4 $14) 15... cxb4 $11 16. Rc1 a5 17. a3 bxa3 18. bxa3 a4 19. Qd3 Bf5 20. e4 Bd7 21. Qe3 Ra6 $1 22. e5 b5 23. d6 Qb8 24. dxe7 Re8 25. Rfd1 $36 {[%mdl 2048] Black is under pressure.} Rxe7 26. Qc5 Qf8 (26... Bf8 $1 $11 27. Nd6 Re8) 27. Ne3 $16 Be6 28. Qxb5 Raa7 29. Nd5 Bxd5 30. Rxd5 Reb7 31. Qd3 Rb8 32. h4 Qe8 33. Qd4 Qe7 34. f4 ({Better is} 34. Rc4) 34... Bf8 35. Kh2 Rab7 {[#]} (35... Rc7 $16 36. Rxc7 Qxc7 37. Qxa4 Qc3) 36. Qxa4 ({White should play} 36. Rd6 $1 $18) 36... Qxa3 37. Qxa3 Bxa3 38. Rcd1 Be7 39. Kh3 Rc7 40. h5 gxh5 41. f5 {Hoping for f6.} f6 42. e6 Rb3 43. Rd7 Rbc3 44. Ra1 {[#] Threatens to win with Ra8+.} Kg7 45. Ra8 Kh6 46. Re8 Bb4 47. Rb8 Be7 48. Be4 R3c4 49. Bd5 R4c5 {aiming for ...Rxd7.} 50. Be4 (50. Rb7 $16 Rxd7 51. Rxd7) 50... Rc4 $1 $11 51. Bd5 (51. Rxc7 $11 Rxc7 52. Kg2) 51... R4c5 $1 $16 {Strongly threatening ...Rxd7.} 52. Rb7 Rxd7 53. Rxd7 {And now Bb7 would win.} Ra5 (53... Bf8 $16 {might work better.}) 54. Bc6 ({Worse is} 54. Rxe7 Rxd5 55. g4 Rd3+ 56. Kh4 Rd4 $11) (54. Bc4 $18 Ra4 55. Bb5 (55. Rxe7 Rxc4 56. Re8 Kg7 $16)) 54... Ba3 55. Rf7 {Black must now prevent e7.} Re5 $1 56. Kh4 Bc1 $2 {[%mdl 8192]} (56... Bb4 $14) 57. Kh3 $2 (57. e7 $18 Re2 58. Kh3) 57... Rxf5 $2 {[%mdl 8192] Precision: White = 64%, Black = 57%.} (57... Ba3 $11 {and Black is okay.}) 1-0

[Event "ACCENTUS Biel GMT 2018"]
[Site "Biel"]
[Date "2018.07.31"]
[Round "9"]
[White "Navara, David"]
[Black "Svidler, Peter"]
[Result "1/2-1/2"]
[WhiteElo "2741"]
[BlackElo "2753"]
[Annotator "TA"]
[PlyCount "80"]
[EventDate "2018.07.22"]
[EventCountry "SUI"]
[SourceTitle "playchess.com"]
[Source "ChessBase"]
[SourceQuality "1"]

{[%evp 15,80,10,9,7,0,7,37,20,27,30,34,27,30,36,41,29,21,17,33,35,33,30,23,27,34,-24,-21,-18,-10,-34,-26,-35,-34,-42,-8,-26,0,-19,-12,-26,0,0,0,0,0,0,0,0,0,0,0,0,0,0,0,0,0,0,0,0,0,0,0,0,0,0,0]} 1. Nf3 Nf6 2. c4 c5 3. d4 cxd4 4. Nxd4 Nc6 5. Nc3 e6 6. a3 Bc5 7. Nb3 {A33: Symmetrical English: 2 Nf3 Nf6 3 d4 cxd4 4 Nxd4 e6 5 Nc3 Nc6} Bb6 8. c5 Bc7 {LiveBook: 19 Games} 9. Bg5 h6 10. Bh4 O-O 11. e3 d5 $146 ({Predecessor:} 11... b6 12. Be2 Be5 13. cxb6 axb6 14. Rc1 Ne7 {1-0 (41) Zubov,A (2600)-Boruchovsky,A (2517) Israel 2015}) 12. cxd6 Qxd6 13. Bxf6 {[#] And now Qg4 would win.} Qxd1+ 14. Rxd1 {Bh4 is the strong threat.} gxf6 15. Nb5 Be5 16. f4 Bxb2 17. Rd2 a6 18. Nc7 Ra7 $1 19. Rxb2 {[#] Black must now prevent Rc2.} b6 20. Nb5 (20. Nxe6 $14 fxe6 21. Be2) 20... axb5 $11 21. Bxb5 Ne7 22. a4 Bd7 23. Bxd7 Rxd7 24. Kf2 Ra8 25. Ra1 Rda7 26. Nd2 Nd5 27. Nc4 Rxa4 28. Rxa4 {The position is equal.} Rxa4 29. Nxb6 Nxb6 30. Rxb6 {[%mdl 4096] Endgame KR-KR} Kg7 31. Kf3 f5 32. h3 h5 33. g4 hxg4+ 34. hxg4 fxg4+ 35. Kxg4 Kg6 36. Kf3 Rc4 37. Rb5 f5 {[%cal Bf7f5,Bf5e4][%mdl 32]} 38. Re5 Kf6 39. e4 Rxe4 40. Rxe4 fxe4+ {Precision: White = 71%, Black = 65%.} 1/2-1/2

[Event "ACCENTUS Biel GMT 2018"]
[Site "Biel"]
[Date "2018.07.31"]
[Round "9"]
[White "Georgiadis, Nico"]
[Black "Vachier-Lagrave, Maxime"]
[Result "1/2-1/2"]
[WhiteElo "2526"]
[BlackElo "2779"]
[Annotator "TA"]
[PlyCount "84"]
[EventDate "2018.07.22"]
[EventCountry "SUI"]
[SourceTitle "playchess.com"]
[Source "ChessBase"]
[SourceQuality "1"]

{[%evp 22,84,46,49,45,27,44,41,47,40,63,8,4,9,16,17,17,20,16,10,22,23,29,35,33,29,31,17,43,0,8,5,12,0,20,12,13,12,12,0,0,0,0,0,20,0,0,0,0,0,0,0,0,0,0,0,13,0,0,0,0,0,13,0,8]} 1. d4 {CB} Nf6 2. c4 g6 3. g3 c6 4. Bg2 d5 5. Nf3 Bg7 6. Nbd2 Ne4 7. b3 O-O 8. Bb2 Na6 9. O-O Bf5 {D78: Fianchetto Grünfeld: 6 0-0 c6} 10. Nh4 Nxd2 11. Qxd2 Be6 12. Rac1 {LiveBook: 3 Games} Qd7 13. Rfd1 Rfd8 14. Nf3 {[#]} Rac8 $146 ({Predecessor:} 14... Nc7 15. Qa5 Ne8 16. e3 Bg4 17. Rd2 Bxf3 18. Bxf3 {1-0 (54) Carlsen,M (2826)-Anand,V (2800) Kristiansund 2010 CBM 138 Extra [CB]}) 15. Ne5 Bxe5 16. dxe5 (16. cxd5 $1 $14 Bxd5 17. dxe5) 16... dxc4 $11 17. Qxd7 Rxd7 18. Rxd7 Bxd7 19. Rxc4 Be6 20. Rd4 Kf8 21. f4 Ke8 22. Ra4 Rc7 23. Kf2 Bc8 24. Rc4 c5 25. a3 Be6 {The position is equal.} 26. Rc3 b5 27. Ke3 Nb8 28. b4 Nd7 29. bxc5 Nxc5 30. Be4 Bc4 31. Bc2 Nd7 32. Be4 a5 33. Rc1 Nc5 34. Bf3 Nb3 35. Rc2 {And now a4! would win.} Kd8 36. Bd4 Nxd4 37. Kxd4 {[%mdl 4096] Endgame KRB-KRB} Be6 38. Be4 Bc4 39. e3 f5 40. exf6 exf6 41. Rc3 f5 42. Bf3 Ke7 {Precision: White = 55%, Black = 68%.} 1/2-1/2

[Event "ACCENTUS Biel GMT 2018"]
[Site "Biel"]
[Date "2018.08.01"]
[Round "10"]
[White "Carlsen, Magnus"]
[Black "Georgiadis, Nico"]
[Result "1-0"]
[WhiteElo "2842"]
[BlackElo "2526"]
[Annotator "TA"]
[PlyCount "97"]
[EventDate "2018.07.22"]
[EventCountry "SUI"]
[SourceTitle "playchess.com"]
[Source "ChessBase"]
[SourceQuality "1"]

{[%evp 12,97,15,0,0,-27,-30,-38,-33,-50,-35,-33,-4,-18,-4,-17,-11,-31,-35,-58,0,-30,-38,-45,-43,-47,-41,-48,-25,-33,-18,-24,0,0,0,0,0,0,0,0,0,0,0,-5,-5,-5,-5,-5,-5,-6,0,-8,-11,-40,-29,-80,-72,-100,-62,-70,-72,-76,-67,-77,0,-33,-33,-33,-33,-33,-33,-33,-33,-33,-12,-12,0,0,0,0,0,0,365,358,1268,1212,844,850]} 1. e4 c5 2. Na3 (2. Nf3 Nf6 3. Nc3 d5 4. exd5 Nxd5 5. Bb5+ Bd7 6. Ne5 Bxb5 7. Qf3 f6 8. Nxb5 Na6 9. Qh5+ g6 10. Nxg6 hxg6 11. Qxh8 Qd7 12. Nc3 Nab4 13. O-O Nxc2 14. Rb1 {½-½ (54) Caruana,F (2816)-Mamedyarov,S (2808) Leuven 2018}) 2... g6 3. Nf3 Bg7 4. c3 d5 5. exd5 Qxd5 6. Bc4 {B31: Sicilian: 2...Nc6 3 Bb5 g6} Qe4+ 7. Kf1 {LiveBook: 4 Games. Strongly threatening Ng5.} Be6 8. Qa4+ $146 {The position is equal.} ({Predecessor:} 8. Bb5+ Bd7 9. d4 Nf6 10. Bd3 Qd5 11. Bc4 Qh5 12. Nb5 {½-½ (68) Meister,J (2517)-Friedrich,W (2253) Berlin 2013}) 8... Nd7 9. d4 Ngf6 10. Bg5 Bxc4+ 11. Qxc4 Qd5 12. Re1 e6 13. Bxf6 Nxf6 14. Qb5+ Nd7 15. Ne5 a6 (15... Bxe5 $15 16. dxe5 Qxa2) 16. Qc4 {Hoping for Qxd5.} (16. Qxd7+ {is more complex.} Qxd7 17. Nxd7 Kxd7 18. Nc4 Ke7 19. Nb6) 16... Nxe5 17. dxe5 Rd8 18. Qxd5 Rxd5 19. f4 {[#]} g5 $1 {[%mdl 512]} 20. fxg5 Ke7 21. h4 Rxe5 22. Rxe5 Bxe5 $11 {[%mdl 4096] Endgame KRB-KRN} 23. Ke2 b5 24. Nc2 Rd8 25. Ne1 c4 26. Nf3 Bg7 27. Nd2 h6 28. Ne4 hxg5 29. hxg5 Rd5 30. a3 a5 31. Re1 Be5 32. g3 Kf8 33. Kf3 (33. Nf6 $11 {keeps the balance.} Rd8 34. Ne4) 33... Kg7 $17 34. Kg4 Kg6 35. Rf1 Rd3 {White must now prevent ...Re3.} 36. Rf3 Rd1 37. Rf2 {[#]} Rd5 (37... b4 $1 $17 {[%mdl 512] ...Re1 is the strong threat.} 38. cxb4 (38. axb4 axb4) 38... axb4 39. axb4 Rd3) 38. Nd2 Bc7 39. Nf3 Bd8 {[%cal Rd8g5]} 40. Nh4+ Kg7 41. Nf3 $1 Bb6 42. Re2 Bc7 43. Re4 Bd6 44. Rd4 Rxd4+ 45. Nxd4 b4 46. a4 b3 $2 {[%mdl 8192] [#]} (46... bxc3 $11 47. bxc3 Be5) 47. Nf3 $1 $18 Ba3 $2 (47... Bc7 48. Nd2 Bb6 49. Nxc4 Bd8) 48. bxa3 b2 49. Nd2 {Precision: White = 60%, Black = 58%.} 1-0